| 000 | 00715nam a2200229Ia 4500 | ||
|---|---|---|---|
| 003 | GCL | ||
| 008 | 140319s9999 xx 000 0 ara d | ||
| 040 |
_aGCL / _cGCL |
||
| 082 | 0 | 4 |
_a912.014 _bم د |
| 100 | 1 | _aمحمد محمد سطيحة | |
| 245 | 1 | 0 |
_aدراسات فى علم الخرائط / _cمحمد محمد سطيحة |
| 260 |
_a[S.N] : _bدار النهضة العربية |
||
| 300 | _a357 ص | ||
| 490 | _a | ||
| 650 | 0 | 4 | _aالمساحة |
| 650 | 0 | 4 | _aالخرائط الطبوغرافية |
| 650 | 0 | 4 | _aالخرائط, علم |
| 650 | 0 | 4 | _aالخرائط الاحصائية |
| 650 | 0 | 4 | _aالخرائط - مقياس الرسم |
| 650 | 0 | 4 | _aالخرائط - تصنيف |
| 942 |
_2ddc _cBK |
||
| 999 |
_c37113 _d37113 |
||